|
|
|
|
| LEADER |
01151nab a2200313 i 4500 |
| 001 |
publ27903 |
| 005 |
20231029195638.0 |
| 008 |
230718s2023 hu o 0|| Angol d |
| 022 |
|
|
|a 1895-5770
|
| 024 |
7 |
|
|a 10.5114/pg.2023.131398
|2 doi
|
| 024 |
7 |
|
|a 33667439
|2 mtmt
|
| 040 |
|
|
|a SZTE Publicatio Repozitórium
|b hun
|
| 041 |
|
|
|a Angol
|
| 100 |
1 |
|
|a Sánta Anett
|
| 245 |
1 |
0 |
|a Psychological characteristics of patients with inflammatory bowel disease during the first wave of COVID-19
|h [elektronikus dokumentum] /
|c Sánta Anett
|
| 260 |
|
|
|c 2023
|
| 300 |
|
|
|a 334-343
|
| 490 |
0 |
|
|a PRZEGLAD GASTROENTEROLOGICZNY
|v 18 No. 3
|
| 650 |
|
4 |
|a Klinikai orvostan
|
| 650 |
|
4 |
|a Pszichológia
|
| 700 |
0 |
1 |
|a Szántó Kata Judit
|e aut
|
| 700 |
0 |
1 |
|a Fábián Anna
|e aut
|
| 700 |
0 |
1 |
|a Resál Tamás
|e aut
|
| 700 |
0 |
1 |
|a Farkas Klaudia
|e aut
|
| 700 |
0 |
1 |
|a Hallgató Emese
|e aut
|
| 700 |
0 |
1 |
|a Molnár Tamás
|e aut
|
| 700 |
0 |
1 |
|a Rafael Beatrix
|e aut
|
| 856 |
4 |
0 |
|u http://publicatio.bibl.u-szeged.hu/27903/3/PG_Art_51457-10.pdf
|z Dokumentum-elérés
|
| 856 |
4 |
0 |
|u http://publicatio.bibl.u-szeged.hu/27903/1/IBD_covid_manuscript_revised__szerzokkel.pdf
|z Dokumentum-elérés
|